LEADER 02573nas--2200541---450 001 990001022530203316 005 20240215110627.0 011 $a0012-4273 035 $a0102253 035 $aUSA010102253 035 $a(ALEPH)000102253USA01 035 $a0102253 100 $a20020308a--------km-y0itay0103----ba 101 $afre 102 $aFR 110 $aaha-------- 200 1 $aDix-septieme siécle$frevue publiée par la Societé française d'étude du XVII siècle avec le concours du CNRS et la la Direction Generale des Arts et des Lettres 210 $aParis 215 $av$d24 cm 326 $aTrimestrale 410 $12001 606 0 $aStoria$zSec. XVII$xPeriodici 676 $a909.6 712 02$aSocieté française d'étude du XVII siécle 712 02$aDirection Generale des Arts et des Lettres 801 0$aIT$bsalbc$gISBD 852 $tCELDES_24 912 $a990001022530203316 948 $s99 949 $aVI.97 958 $aUMA$bVI.97$c1951-1981 ; scompleti 1952, 1958, 1962, 1965, 1968 ; mancano 1966-1967 959 $aSE 979 $aPATTY$b90$c20020308$lUSA01$h1032 979 $aPATTY$b90$c20020321$lUSA01$h0859 979 $aPATTY$b90$c20020321$lUSA01$h0859 979 $c20020403$lUSA01$h1743 979 $aPATRY$b90$c20040406$lUSA01$h1710 979 $aPATRY$b90$c20071122$lUSA01$h1332 979 $aMUSELLA$b90$c20130207$lUSA01$h1252 979 $aMUSELLA$b90$c20130207$lUSA01$h1307 996 $aDix-septième siècle$9203241 997 $aUNISA Z30 2$lUSA50$LAdministrative$mISSBD$1UMA$AUMA$3Fondo$6166815/03$5B2227$820030313$a2002$b54$c214$f09$FNON Prestabile$hV.54, n.214-217 (2002)$i20020128$j20020227$k20021008 Z30 2$lUSA50$LAdministrative$mISSUE$1UMA$AUMA$3Fondo$6163283$5133791-10$820020528$a2001$b53$c210$f09$FNON Prestabile$hV.53, n.210-213 (2001)$i20010128$j20010227$k20020528 Z30 2$lUSA50$LAdministrative$mISSUE$1UMA$AUMA$3Per. IV 2$5133791-100$820030904$a2003$b55$c221$f09$FNON Prestabile$hV.55, n.221 (2003)$i20031028$j20031127$k20031216 Z30 2$lUSA50$LAdministrative$mISSUE$1UMA$AUMA$3Per. IV 2$5133791-70$820030313$a2003$b55$c219$f09$FNON Prestabile$hV.55, n.219 (2003)$i20030428$j20030528$k20030612 Z30 2$lUSA50$LAdministrative$mISSUE$1UMA$AUMA$3Per. IV 2$5133791-90$820030612$a2003$b55$c220$f09$FNON Prestabile$hV.55, n.220 (2003)$i20030728$j20030827$k20030904 Z30 2$lUSA50$LAdministrative$mISSUE$1UMA$AUMA$3Per. IV 2$6170339$5133791-60$820030123$a2003$b55$c218$f09$FNON Prestabile$hV.55, n.218 (2003)$i20030128$j20030227$k20030313